Movies of 1986 Quiz Stats

 Plays Quiz Updated Mar 4, 2015

Score 0/16 Timer 06:00
0 Plays Today
Picture Movie % Correct
Top Gun
91.7%
Crocodile Dundee
89.6%
Ferris Bueller's Day Off
89.1%
¡Three Amigos!
88.1%
Pretty in Pink
79.5%
Stand by Me
76.3%
Platoon
71.4%
Aliens
69.1%
Picture Movie % Correct
The Color of Money
53.6%
Labyrinth
52.4%
The Great Mouse Detective
50.9%
Highlander
50.1%
The Fly
48.3%
Short Circuit
45.9%
Big Trouble in Little China
45.8%
Blue Velvet
30.9%

You're not logged in!

Compare scores with friends on all Sporcle quizzes.
OR
Log In

Show Comments

Extras

Top Quizzes Today


Score Distribution

Your Account Isn't Verified!

In order to create a playlist on Sporcle, you need to verify the email address you used during registration. Go to your Sporcle Settings to finish the process.

Report this User

Report this user for behavior that violates our Community Guidelines.

Details: